000 00458cam a2200181ua 4500
001 2495
008 111222n ii |||gr||||Z||||||asm
040 _cMAIN
082 _a780
100 _aSharma, Hemanta Kumar,
_eEditor.
245 1 _aAsamiya lokagiti sanchayan
_cby Hemanta Kumar Sharma
250 _a2nd.
260 _aGuahati:
_bBina library,990.
300 _a42p:
_c23cm.
653 _aFolklore
653 _aAsamiya lokagiti sanchayan
942 _cBK
999 _c2349
_d2349